000 00372 a2200085 4500
082 _a333.91816 WAT
245 _aFinal Report from the NRC Committee on the review of the louisiana coastal protection and restoration (LACPR) program /
_cWater Science and Technology Board
260 _aWashington :
_bThe National Academies Press,
_c2009
300 _avii, 40p. ;
_bill. ;
_c30 cm
650 _aCoastal Protection
999 _c2085
_d2085